[Event "5th LGA Premium Cup"]
[Site "Nuernberg GER"]
[Date "2008.09.05"]
[Round "2"]
[White "Mihok,L"]
[Black "Donchenko,An"]
[Result "0-1"]
[WhiteElo "2142"]
[BlackElo "2399"]

1.d4 d5 2.c4 dxc4 3.Nf3 a6 4.e3 Nf6 5.Bxc4 e6 6.O-O c5 7.Bb3 Nc6 8.Qe2 Qc7
9.Nc3 Bd6 10.Rd1 O-O 11.dxc5 Bxc5 12.e4 Ng4 13.Rf1 Nd4  0-1

[Event "TCh-FIN"]
[Site "Finland FIN"]
[Date "2008.09.06"]
[Round "1"]
[White "Sammalvuo,T"]
[Black "Volodin,Alek"]
[Result "1-0"]
[WhiteElo "2468"]
[BlackElo "2397"]

1.Nf3 d5 2.d4 c5 3.c4 dxc4 4.e3 Nf6 5.Bxc4 e6 6.O-O Nc6 7.Qe2 a6 8.Rd1 Qc7
9.Nc3 Be7 10.dxc5 Bxc5 11.b3 O-O 12.Bb2 Bd6 13.Bd3 e5 14.Ne4 Be7 15.Rac1 Qb8
16.Nxf6+ Bxf6 17.Be4 Bg4 18.h3 Bh5 19.g4 Bg6 20.Bxc6 bxc6 21.e4 Qb5 22.Qe3 Rfd8
23.a4 Qb4 24.Rxd8+ Rxd8 25.Bxe5 Qxe4 26.Bxf6 gxf6 27.Qxe4 Bxe4 28.Rc3 Rd1+
29.Kh2 Bxf3 30.Rxf3 Kg7 31.Rc3 Rd6 32.Rc5 Kg6 33.Kg2 Rd3 34.Rxc6 Rxb3 35.Rxa6 Ra3
36.f3 h5 37.gxh5+ Kg5 38.Kg3 Ra1 39.h6 Kxh6 40.Rxf6+ Kg7 41.Rf4 Kg6 42.h4 Ra2
43.Rg4+ Kh6 44.Rb4 Kh5 45.Rb5+ Kh6 46.a5 Kg6 47.h5+ Kf6 48.Kg4 Ra4+ 49.f4 Kg7
50.Kg5 Ra1 51.h6+ Kh7 52.Kf6 Kxh6 53.Kxf7 Rf1 54.f5 Kg5 55.Kg7  1-0

[Event "IV Geller Memorial"]
[Site "Odessa UKR"]
[Date "2008.09.12"]
[Round "4"]
[White "Prociuc,E"]
[Black "Fingerov,D"]
[Result "0-1"]
[WhiteElo "2109"]
[BlackElo "2365"]

1.d4 d5 2.c4 dxc4 3.Nf3 c5 4.e3 cxd4 5.exd4 Be6 6.Na3 Nf6 7.Bxc4 Bxc4 8.Nxc4 e6
9.O-O Be7 10.Qb3 Qd5 11.Qd3 Nc6 12.Be3 O-O 13.a3 Rac8 14.Nce5 Nxe5 15.Nxe5 Bd6
16.Rfd1 Rfd8 17.Nf3 h6 18.Rac1 Qa5 19.Qf1 Nd5 20.Rxc8 Rxc8 21.Rc1 Rd8 22.Bd2 Qb6
23.Rc2 Be7 24.Qc1 Bf6 25.Rc8 Ne7 26.Rxd8+ Qxd8 27.Be3 Qa5 28.h3 Nc6 29.Qc4 Qf5
30.b4 a6 31.Nd2 Qh5 32.Nf3 Qf5 33.Nd2 Ne7 34.a4 b5 35.axb5 axb5 36.Qb3 Nc6
37.Nf3 Qd5 38.Qa3 Kh7 39.Qd3+ Kg8 40.Qa3 Nxd4 41.Bxd4 Bxd4 42.Nxd4 Qxd4 43.Qa8+ Kh7
44.Qf8 Qa1+ 45.Kh2 Qe5+ 46.g3 Qf5 47.Kg2 Kg6 48.Qe7 Qd5+ 49.Kh2 e5 50.h4 e4
51.Qa7 Qd6 52.h5+ Kf6 53.Qa1+ Qe5 54.Qa6+ Kg5 55.Qa7 Qf5 56.Qd4 f6 57.Qa7 Kxh5
58.Qxg7 Qxf2+ 59.Kh3 Qf1+ 60.Kh2 Qf5 61.Qf7+ Kg4 62.Qg7+ Kf3 63.Qc7 e3 64.Qc6+ Kg4
65.Qe8 Qh5+  0-1

[Event "EYb12"]
[Site "Herceg Novi MNE"]
[Date "2008.09.21"]
[Round "6"]
[White "Terentyev,V"]
[Black "Alekseenko,K"]
[Result "0-1"]
[WhiteElo "1924"]
[BlackElo "2088"]

1.d4 d5 2.c4 dxc4 3.Nf3 a6 4.e3 g6 5.Bxc4 Bg7 6.Nc3 Nf6 7.O-O O-O 8.Qe2 Nc6
9.Rd1 Ne8 10.a3 Nd6 11.Ba2 Bf5 12.h3 Ne4 13.Nh4 Nxc3 14.bxc3 Bd7 15.Nf3 e5
16.Bb2 Qe7 17.Nd2 exd4 18.cxd4 Nxd4 19.Bxd4 Bxd4 20.Rab1 Bc6 21.Nf3 Bg7 22.Bd5 Ba4
23.Bb3 Bb5 24.Bc4 c6 25.Qa2 Ba4 26.Bb3 Bxb3 27.Qxb3 b5 28.Nd4 c5 29.Ne2 Rfd8
30.Nf4 c4 31.Qa2 Qc5 32.Qc2 Rxd1+ 33.Rxd1 Qxa3 34.Qe4 Rf8 35.Nd5 c3 36.Ne7+ Kh8
37.Rd7 Qc5 38.Rd5 Qc7 39.Rd1 Qe5 40.Qxe5 Bxe5 41.f4 Bg7 42.Nd5 a5 43.e4 b4
44.e5 c2  0-1

[Event "1st WMSG Blitz Pair"]
[Site "Beijing CHN"]
[Date "2008.10.08"]
[Round "11"]
[White "Nyback,T"]
[Black "Rasmussen,Kar"]
[Result "1-0"]
[WhiteElo "2634"]
[BlackElo "2466"]

1.Nf3 d5 2.d4 c5 3.c4 dxc4 4.d5 e6 5.Nc3 exd5 6.Qxd5 Qxd5 7.Nxd5 Bd6 8.Nd2 Nc6
9.Nxc4 Bb8 10.e4 Nge7 11.Be3 b6 12.Be2 Be6 13.Bf3 Ne5 14.Nxe5 Bxe5 15.O-O-O Nc6
16.Be2 O-O-O 17.Bb5 Nd4 18.Ba6+ Kb8 19.f4 Bxd5 20.exd5 Ne2+ 21.Bxe2 Bd6 22.Bc4 Rde8
23.Bd2 Re4 24.b3 Rhe8 25.g3 Kb7 26.Rhe1 a6 27.Rxe4 Rxe4 28.a4 f6 29.Re1 Rd4
30.Bc3  1-0

[Event "1st WMSG Rapid Pair"]
[Site "Beijing CHN"]
[Date "2008.10.10"]
[Round "7"]
[White "Kojima,S"]
[Black "Rasmussen,Kar"]
[Result "0-1"]
[WhiteElo "2272"]
[BlackElo "2466"]

1.Nf3 d5 2.d4 c5 3.c4 dxc4 4.e3 cxd4 5.exd4 Be6 6.Na3 Nf6 7.Bxc4 Bd5 8.O-O e6
9.Bxd5 Qxd5 10.Qa4+ Nc6 11.Nb5 Bd6 12.Nxd6+ Qxd6 13.Bg5 Nd5 14.Rfd1 O-O 15.Rac1 Rfc8
16.Qc4 a6 17.a3 h6 18.Bh4 b5 19.Qd3 Nce7 20.Bg3 Qd8 21.Rc5 Nb6 22.b3 Nd7
23.Rxc8 Rxc8 24.Nd2 Nf6 25.b4 Ned5 26.Nb1 Rc4 27.h3 Qc8 28.Bd6 Qc6 29.Be5 Rc2
30.Rd2 Rc1+ 31.Rd1 Qc2 32.Qxc2 Rxc2 33.Bxf6 Nxf6 34.Nd2 Rc3 35.Ra1 Nd5 36.a4 Nxb4
37.axb5 axb5 38.Rb1 Nc6 39.Rxb5 Nxd4 40.Rb8+ Kh7 41.Rb7 Kg6 42.Ne4 Rc1+ 43.Kh2 Rc6
44.Kg3 Nf5+ 45.Kh2 h5 46.Rd7 h4 47.Ra7 Rc4 48.Nd2 Rc2 49.Nf3 f6 50.Ra4 Rxf2
51.Nxh4+ Nxh4 52.Rxh4 e5 53.Kg3 Rd2 54.Rg4+ Kf7 55.h4 Rd4 56.Rxd4 exd4 57.Kf4 f5
58.g4 fxg4 59.Kxg4 Kg6 60.Kf4 Kh5 61.Ke4 Kxh4 62.Kxd4 g5 63.Ke3 Kg3 64.Kd4  0-1

[Event "TCh-HUN 2008-9"]
[Site "Mako HUN"]
[Date "2008.10.26"]
[Round "1"]
[White "Pinter,J"]
[Black "Mihok,O"]
[Result "1-0"]
[WhiteElo "2536"]
[BlackElo "2345"]

1.d4 d5 2.c4 dxc4 3.Nf3 c5 4.e3 cxd4 5.Bxc4 Qc7 6.Bb3 Nf6 7.exd4 e6 8.O-O Nc6
9.Nc3 Be7 10.Qe2 O-O 11.Rd1 Bd7 12.Ne5 a6 13.Bg5 Rad8 14.Rac1 Rfe8 15.Bc2 g6
16.Bb3 Qb6 17.Be3 Qa5 18.Bf4 Nh5 19.Bh6 Nxe5 20.dxe5 Bc6 21.Bd2 Qc7 22.g4 Ng7
23.Bf4 Rxd1+ 24.Rxd1 Rd8 25.h3 Ne8 26.Qe3 Rxd1+ 27.Bxd1 Qd7 28.Bb3 Nc7 29.Bg5 Nd5
30.Bxd5 Bxd5 31.Bxe7 Qxe7 32.a3 Bc6 33.g5 Qd8 34.Kh2 Kg7 35.Kg3 Kg8 36.h4 Kg7
37.Kg4 Kg8 38.h5 Kg7 39.h6+ Kf8 40.f3 Ke8 41.Kg3 Qd7 42.Kf2 Qd8 43.Ke1 Qd7
44.b4 Qe7 45.Nd1 a5 46.bxa5 Qd8 47.Nf2 Qxa5+ 48.Kf1 Qb5+ 49.Kg2 Qc4 50.Kg3 Qf1
51.Ng4 Bb5 52.Qd2 Bd3 53.Kf4 f5 54.exf6 Bf5 55.f7+  1-0

[Event "TCh-NED 2008-9"]
[Site "Netherlands NED"]
[Date "2008.12.13"]
[Round "4"]
[White "Wiersma,E"]
[Black "Kroeze,F"]
[Result "0-1"]
[WhiteElo "2419"]
[BlackElo "2424"]

1.d4 d5 2.c4 dxc4 3.Nf3 c5 4.e3 cxd4 5.exd4 Be6 6.Nc3 Nf6 7.Bg5 Nd5 8.Qa4+ Nc6
9.O-O-O Nxc3 10.bxc3 Qa5 11.Qxa5 Nxa5 12.d5 Bd7 13.Rd4 f6 14.Be3 e5 15.dxe6 Bxe6
16.Nd2 Ba3+ 17.Kd1 b5 18.Be2 Kf7 19.Bf3 Rac8 20.Bd5 Nc6 21.Bxe6+ Kxe6 22.Re4+ Kf7
23.Kc2 Rhd8 24.Nf3 Rd5 25.Nd4 Nxd4+ 26.Bxd4 Bd6 27.Rhe1 a5 28.h3 b4 29.f3 Rb8
30.g4 b3+ 31.Kb1 bxa2+ 32.Ka1 Rdb5 33.R4e2 Rb3 34.h4 Bg3 35.Re7+ Kf8 36.R1e2 Rb1+
37.Kxa2 R8b2+ 38.Rxb2 Rxb2+ 39.Kxb2 Kxe7 40.h5 Bd6 41.Kc2 g6 42.hxg6 hxg6
43.Bb6 a4 44.Be3 Ke6 45.Kb2 Kd5 46.Ka2 Be7 47.Bd4 Ke6 48.Be3 f5 49.gxf5+ gxf5
50.Kb2 Kf6 51.Bf4 Kg6 52.Ka2 Kh5 53.Bg3 Kg5 54.Kb2 Bf6 55.Ka3 Bxc3 56.Kxa4 Bd2
57.Ka3 Bf4 58.Bf2 Bd6+ 59.Kb2 Be5+  0-1

[Event "ch-RUS w Superfinal"]
[Site "Moscow RUS"]
[Date "2008.12.14"]
[Round "9"]
[White "Gunina,V"]
[Black "Korbut,E"]
[Result "1-0"]
[WhiteElo "2381"]
[BlackElo "2459"]

1.d4 d5 2.c4 dxc4 3.Nf3 a6 4.e4 b5 5.a4 Bb7 6.axb5 axb5 7.Rxa8 Bxa8 8.Nc3 e6
9.Nxb5 Bxe4 10.Bxc4 Bb4+ 11.Nc3 Ne7 12.O-O Bb7 13.Qb3 Bxf3 14.Qxb4 Bg4 15.d5 exd5
16.Bb5+ Bd7 17.Re1 c6 18.Nxd5 cxd5 19.Bf4 O-O 20.Bxd7 Nxd7 21.Qxe7 Nf6 22.Qxd8 Rxd8
23.f3 d4 24.Rd1 Rd5 25.Kf2 g5 26.Bg3 Nh5 27.b4 f5 28.Ke2 Nf6 29.Kd3 Nd7 30.Bc7 Rb5
31.Kxd4 Rb7 32.Bd6 Kf7 33.Kd5 Rb6 34.Bc5 Re6 35.Rd2 h6 36.Ra2 Nf6+ 37.Kc4 Re1
38.Ra7+ Ke8 39.Ra6 Kf7 40.Bd4 Rc1+ 41.Bc3 Nd7 42.Rxh6 Rc2 43.Rd6 Ke7 44.Rd2 Rc1
45.Kb3 f4 46.Re2+ Kd6 47.Re1 Rxe1 48.Bxe1 Kd5 49.Bc3 Ke6 50.Kc4 Nb6+ 51.Kd4 Nd5
52.Bd2 Ne7 53.b5 Nf5+ 54.Kc5 Kd7 55.b6 Nh4 56.Bc3 Nxg2 57.Be5 Ne1 58.b7 Nd3+
59.Kb5  1-0

[Event "4 Nations"]
[Site "Donostia ESP"]
[Date "2008.12.19"]
[Round "1"]
[White "Franco Alonso,A"]
[Black "Magem Badals,J"]
[Result "1/2-1/2"]
[WhiteElo "2490"]
[BlackElo "2522"]

1.d4 d5 2.c4 dxc4 3.Nf3 c5 4.d5 Nf6 5.Nc3 e6 6.e4 exd5 7.e5 Ne4 8.Qxd5 Nxc3
9.Qxd8+ Kxd8 10.bxc3 Nc6 11.Bxc4 Be6 12.Bxe6 fxe6 13.Ng5 Ke7 14.f4 h6 15.Ne4 b6
16.Be3 Kf7 17.Rd1 Be7 18.Ke2 Rad8 19.Rxd8 Rxd8 20.Rd1 Rxd1 21.Kxd1 h5 22.Ke2 Ke8
23.Kd3 Kd7 24.g3 a6 25.a4  1/2-1/2

[Event "TCh-HUN 2008-9"]
[Site "Budapest HUN"]
[Date "2008.12.21"]
[Round "4"]
[White "Gonda,L"]
[Black "Peter,Am"]
[Result "1-0"]
[WhiteElo "2507"]
[BlackElo "2401"]

1.d4 d5 2.c4 dxc4 3.Nf3 c5 4.e3 cxd4 5.Bxc4 Qc7 6.Bb3 dxe3 7.Bxe3 e6 8.O-O Nf6
9.Nc3 a6 10.Rc1 Nc6 11.Na4 Bd7 12.Qe2 Be7 13.Bb6 Qf4 14.Rc4 Qf5 15.Nc3 Bd8
16.Bc2 Qh5 17.Rh4 Qxh4 18.Nxh4 Bxb6 19.Nf3 O-O 20.Ne4 Nxe4 21.Bxe4 Rad8 22.h4 h6
23.Rc1 Rfe8 24.Qc4 Rc8 25.Rd1 Rc7 26.Qb3 Bc5 27.Bb1 Be7 28.Qd3 Bf6 29.b3 Rec8
30.Qh7+ Kf8 31.Rxd7 Rxd7 32.Qh8+ Ke7 33.Qxc8 Rd1+ 34.Kh2 Rxb1 35.Qxb7+ Kd6  1-0

[Event "Open A"]
[Site "Groningen NED"]
[Date "2008.12.30"]
[Round "9"]
[White "Saravanan,V1"]
[Black "Afek,Y"]
[Result "1/2-1/2"]
[WhiteElo "2417"]
[BlackElo "2320"]

1.Nf3 d5 2.d4 c5 3.c4 dxc4 4.e3 Be6 5.Ng5 Bd7 6.Bxc4 e6 7.Nf3 cxd4 8.exd4 Qc7
9.Bb3 Bb4+ 10.Bd2 Bxd2+ 11.Qxd2 Nf6 12.O-O O-O 13.Nc3 Nc6  1/2-1/2

[Event "It B"]
[Site "Nancy FRA"]
[Date "2009.02.20"]
[Round "7"]
[White "Gladyszev,O"]
[Black "Wiley,To"]
[Result "1/2-1/2"]
[WhiteElo "2423"]
[BlackElo "2293"]

1.d4 d5 2.c4 dxc4 3.Nf3 a6 4.e3 b5 5.a4 Bb7 6.b3 e6 7.axb5 axb5 8.Rxa8 Bxa8
9.bxc4 bxc4 10.Bxc4 Nf6 11.Nbd2 Nbd7 12.O-O Be7 13.Qb3 c5 14.Ba3 O-O 15.Rc1 cxd4
16.Nxd4 Bxa3 17.Qxa3 Bd5 18.Bxd5 Nxd5 19.Nc6 Qb6 20.g3 Nb8 21.Ne5 Qb4 22.Qxb4 Nxb4
23.Rc4 Nd5 24.e4 Nb6 25.Rc7 f6 26.Nc6 N8d7 27.Nd4 e5 28.Nf5 g6 29.Ne7+ Kf7
30.Nd5 Rc8 31.Ra7 Nxd5 32.exd5 Ke7 33.Ne4 f5 34.Ng5 Rc1+ 35.Kg2 Rd1 36.Nxh7 Rxd5
37.Ng5 e4 38.h4 Rd6 39.Kf1 Kf6 40.Ke2 Ne5 41.Nh7+ Ke6 42.Ng5+ Kf6 43.Nh7+  1/2-1/2

[Event "TCh-HUN 2008-9"]
[Site "Budapest HUN"]
[Date "2009.02.22"]
[Round "8"]
[White "Fodor,T jr"]
[Black "Peter,Am"]
[Result "1-0"]
[WhiteElo "2383"]
[BlackElo "2401"]

1.d4 d5 2.c4 dxc4 3.Nf3 c5 4.e3 cxd4 5.Bxc4 Qc7 6.Bb3 dxe3 7.Bxe3 e6 8.O-O Nf6
9.Nc3 Bd7 10.Rc1 Qa5 11.Bd2 Nc6 12.Qe2 Be7 13.Nb5 Qd8 14.Bc3 a6 15.Na3 O-O
16.Rfd1 Bb4 17.Bxf6 gxf6 18.Nd4 Qe7 19.Rc4 Bxa3 20.Qh5 Ne5 21.Nf5 exf5 22.Rh4  1-0

[Event "TCh-HUN 2008-9"]
[Site "Nagykanizsa HUN"]
[Date "2009.03.01"]
[Round "9"]
[White "Pataki,G"]
[Black "Mihalcisin,A"]
[Result "1/2-1/2"]
[WhiteElo "2325"]
[BlackElo "2522"]

1.d4 d5 2.c4 dxc4 3.Nf3 c5 4.e4 cxd4 5.Qxd4 Qxd4 6.Nxd4 Bd7 7.Bxc4 Nc6 8.Nxc6 Bxc6
9.f3 e6 10.Be3 Nf6 11.Nd2  1/2-1/2

[Event "TCh-NED 2008-9"]
[Site "Netherlands NED"]
[Date "2009.03.07"]
[Round "6"]
[White "Polaczek,R"]
[Black "Kroeze,F"]
[Result "1/2-1/2"]
[WhiteElo "2429"]
[BlackElo "2424"]

1.d4 d5 2.Nf3 c5 3.c4 dxc4 4.e3 cxd4 5.Bxc4 Qc7 6.Bb5+ Bd7 7.Nxd4 e5 8.Bxd7+ Nxd7
9.Nb3 Ngf6 10.Nc3 Bb4 11.Bd2 O-O 12.Rc1 Qb6 13.O-O Rad8 14.Qe2 e4 15.Na4 Qd6
16.Rfd1 Ne5 17.Bxb4 Qxb4 18.Nac5 Qb6  1/2-1/2

[Event "10th EICC"]
[Site "Budva MNE"]
[Date "2009.03.14"]
[Round "8"]
[White "L'Ami,E"]
[Black "Banusz,T"]
[Result "1-0"]
[WhiteElo "2603"]
[BlackElo "2501"]

1.d4 d5 2.c4 dxc4 3.Nf3 a6 4.a4 Nf6 5.Nc3 Nc6 6.e4 Bg4 7.e5 Nd5 8.Bxc4 e6
9.Be3 Nxe3 10.fxe3 Bxf3 11.Qxf3 Nxe5 12.Qxb7 Rb8 13.Qxa6 Rb6 14.Bb5+ c6 15.Qa7 Nd7
16.a5 Rxb5 17.Nxb5 cxb5 18.a6 Bb4+ 19.Ke2 Qg5 20.Qb7 Qg4+ 21.Qf3 Qxf3+ 22.gxf3 Nb6
23.a7 Kd7 24.Rhc1 Na8 25.e4 Rc8 26.Kd3 Rc6 27.e5 Kc7 28.Rxc6+ Kxc6 29.Ke4 g6
30.Rd1 Nb6 31.d5+ exd5+ 32.Rxd5 Be7 33.f4 Kb7 34.Rxb5 Kxa7 35.f5 f6 36.e6 g5
37.h4 h6 38.hxg5 hxg5 39.Rb3 Kb7 40.Rc3 Nc8 41.Kf3 Nd6 42.Kg4 Kb6 43.b4 Kb7
44.Rc5 Kb6 45.Kh5 Kb7 46.Kg6 Kb6 47.Rc1 Kb7 48.Rc2 Kb6 49.b5 g4 50.Rg2 Kxb5
51.Rxg4 Kc6 52.Ra4 Kc7 53.Ra1 Bd8 54.Rh1 Kc6 55.Rh7 Bb6 56.Kxf6  1-0

[Event "FSIMA March"]
[Site "Budapest HUN"]
[Date "2009.03.17"]
[Round "11"]
[White "Bach,Mat"]
[Black "Bacso,G"]
[Result "0-1"]
[WhiteElo "2276"]
[BlackElo "2123"]

1.d4 d5 2.c4 dxc4 3.Nf3 c5 4.e4 cxd4 5.Qxd4 Qxd4 6.Nxd4 a6 7.Bxc4 e6 8.a4 Bd7
9.Be3 Nc6 10.Nxc6 Bxc6 11.f3 Bb4+ 12.Nd2 Nf6 13.Ke2 Ke7 14.Nb3 Rac8 15.Nd4 Bxe4
16.Bxa6 Bxf3+ 17.gxf3 bxa6 18.Rac1 Nd5 19.Rhg1 g6 20.Nc6+ Kd6 21.Bd4 Rhe8
22.Ne5 f6 23.Nc4+ Ke7 24.Rgd1 Red8 25.a5 Nf4+ 26.Ke3 e5 27.Ke4 Rxd4+ 28.Rxd4 exd4
29.Kxf4 Bd2+  0-1

[Event "ITT Proyeccion U20"]
[Site "Buenos Aires ARG"]
[Date "2009.03.26"]
[Round "2"]
[White "Real de Azua,E"]
[Black "Goldwaser,C"]
[Result "1/2-1/2"]
[WhiteElo "2445"]
[BlackElo "2356"]

1.d4 d5 2.c4 dxc4 3.Nf3 a6 4.e3 b5 5.a4 Bb7 6.b3 e6 7.axb5 axb5 8.Rxa8 Bxa8
9.bxc4 bxc4 10.Bxc4 Nf6 11.O-O Be7 12.Qa4+ Nbd7 13.Ne5 O-O 14.Nc6 Bxc6 15.Qxc6 Qa8
16.Bb5 Qxc6 17.Bxc6 Rb8  1/2-1/2

[Event "25th Spring Festival"]
[Site "Budapest HUN"]
[Date "2009.03.27"]
[Round "8"]
[White "Kiraly,Z2"]
[Black "Mayer,I"]
[Result "1-0"]
[WhiteElo "1854"]
[BlackElo "2117"]

1.d4 d5 2.c4 dxc4 3.Nf3 c5 4.e3 cxd4 5.exd4 Nf6 6.Bxc4 e6 7.O-O Be7 8.Nc3 O-O
9.Qe2 a6 10.Rd1 b5 11.Bb3 Bb7 12.Be3 Nd5 13.Rac1 Nxc3 14.Rxc3 Bd5 15.Ne5 Bb4
16.Bxd5 Qxd5 17.Rcd3 f6 18.Rb3 Bd6 19.Nd3 Nc6 20.Nc5 Rfd8 21.Rbd3 Nb4 22.R3d2 Nxa2
23.Qg4 f5 24.Qh4 Nb4 25.Nd3 Nxd3 26.Rxd3 Rd7 27.Bg5 h6 28.Bc1 Rc8 29.Rh3 Qe4
30.Qxe4 fxe4 31.Rh4 Be5 32.Rxe4 Bxd4 33.Kf1 Rc2 34.Be3 e5 35.f4 Rf7 36.Bxd4 exd4
37.h4 Rxb2 38.Rdxd4 Rc7 39.Re2 Rc1+ 40.Kf2 Rbb1 41.Kg3 Rc4 42.Rd7 Rb3+ 43.Kg4 Rbb4
44.Re8+ Kh7 45.Rf8 Rc6 46.Kh5 Rc5+ 47.f5 Rcc4 48.g3 Rg4 49.Rdd8 g6+ 50.fxg6+ Rxg6
51.Rh8+ Kg7 52.Rdg8+ Kf7 53.Rxg6  1-0

[Event "TCh-NED 2008-9"]
[Site "Netherlands NED"]
[Date "2009.03.28"]
[Round "7"]
[White "Ootes,La"]
[Black "Kroeze,F"]
[Result "0-1"]
[WhiteElo "2223"]
[BlackElo "2424"]

1.Nf3 d5 2.d4 c5 3.c4 dxc4 4.d5 e6 5.Nc3 a6 6.e4 b5 7.a4 b4 8.dxe6 Qxd1+
9.Nxd1 Bxe6 10.Ng5 Nc6 11.Nxe6 fxe6 12.Bxc4 Nd4 13.O-O Ne7 14.Be3 Nec6 15.Bxd4 Nxd4
16.f4 g6 17.Rc1 Bh6 18.Ne3 Ke7 19.g3 Rhd8 20.Kg2 Bg7 21.Rf2 Nc6 22.e5 Nd4
23.Nf1 g5 24.Nd2 gxf4 25.gxf4 Rg8 26.Kh1 Bh6 27.Ne4 Rg4 28.Rcf1 Nf5 29.Rf3 Rh4
30.Nxc5 Nd4 31.Rd3 Bxf4 32.Rf2 Bxe5 33.Bxa6 Bd6 34.Bb7 Ra7 35.Ne4 Be5 36.Ng5 Rxa4
37.Rd1 h6 38.Nf3 Nxf3 39.Bxf3 Rf4 40.Kg2 Bd4 41.Rc2 Ra5 42.Kg3 Be5 43.Kg2 Bd6
44.Rd3 Rh4 45.Kh1 Re5 46.Rd1 Re3 47.Rf1 Be5 48.Rd2 Rb3 49.Re2 Kd6 50.Rfe1 Rxf3
51.Rxe5 Rf1+ 52.Rxf1 Kxe5 53.Rf3 h5 54.Rb3 Rg4 55.h3 Rf4 56.Kg2 Kd5 57.Kg3 e5
58.Rd3+ Rd4 59.Re3 Rd2 60.Kh4 Rxb2 61.Kxh5 e4 62.Kg4 Kd4 63.Re1 e3 64.Kf3 Rf2+
65.Kg3 b3 66.Rd1+ Rd2  0-1

[Event "FSGM April"]
[Site "Budapest HUN"]
[Date "2009.04.06"]
[Round "3"]
[White "Muir,A"]
[Black "Csirik,A"]
[Result "1/2-1/2"]
[WhiteElo "2351"]
[BlackElo "2302"]

1.d4 d5 2.Nf3 c5 3.c4 dxc4 4.e3 Nf6 5.Bxc4 e6 6.Qe2 Nc6 7.dxc5 Bxc5 8.O-O O-O
9.e4 e5 10.h3 h6 11.Rd1 Qb6 12.Nc3 Nd4 13.Nxd4 Bxd4 14.Nd5 Nxd5 15.Bxd5 Be6  1/2-1/2

[Event "FSIMA April"]
[Site "Budapest HUN"]
[Date "2009.04.09"]
[Round "6"]
[White "Farago,S"]
[Black "Bacso,G"]
[Result "1-0"]
[WhiteElo "2255"]
[BlackElo "2171"]

1.d4 d5 2.c4 dxc4 3.Nf3 c5 4.d5 e6 5.e4 exd5 6.exd5 Nf6 7.Nc3 Bd6 8.Bxc4 O-O
9.O-O h6 10.Bd3 a6 11.a4 Nbd7 12.Re1 Qc7 13.Qb3 Ne5 14.Nxe5 Bxe5 15.h3 Bd4
16.Ne2 Be5 17.Be3 Bd7 18.Rec1 Bh2+ 19.Kh1 Bd6 20.Rc2 a5 21.Bd4 b6 22.Bxf6 gxf6
23.Qc3 Kg7 24.Qd2 Rae8 25.f4 Rg8 26.Ng3 Kh8 27.Nh5 Be7 28.Qc3 Qd6 29.Be4 Bd8
30.Qd3 Bc7 31.Rf2 Rg5 32.g4 Rgg8 33.b3 Bc8 34.Rd1 Bd8 35.Bh7 Rgf8 36.Ng3 Qe7
37.Be4 Qd6 38.Bf5 Bb7 39.Ne4 Rxe4 40.Bxe4 Re8 41.Kh2 Kg7 42.Rdd2 f5 43.Bxf5 Bf6
44.Be4 Bd4 45.Qf3 Bxf2 46.Rxf2 Qe7 47.Qc3+ f6 48.Bg2 Qd6 49.Qg3 Kf7 50.Rd2 Re7
51.h4 Re8 52.Rf2 Bc8 53.g5 hxg5 54.fxg5 Qxg3+ 55.Kxg3 Re3+ 56.Kh2 Rxb3 57.Rxf6+ Kg7
58.h5 Rb4 59.h6+ Kg8 60.Bf3  1-0

[Event "82nd ch-St Petersburg"]
[Site "St Petersburg RUS"]
[Date "2009.05.09"]
[Round "2"]
[White "Matlakov,M"]
[Black "Anisimov,P2"]
[Result "1/2-1/2"]
[WhiteElo "2533"]
[BlackElo "2503"]

1.d4 d5 2.c4 dxc4 3.Nf3 a6 4.e3 Nf6 5.Bxc4 e6 6.O-O c5 7.dxc5 Bxc5 8.Qxd8+ Kxd8
9.Be2 Ke7 10.b3 b6 11.Ne5 Bb7 12.Nd2 b5 13.a4 Nc6 14.Nxc6+ Bxc6 15.Bb2 Rhc8
16.Rfc1 Bb4 17.Nf3 bxa4 18.bxa4 Be8 19.Rxc8 Rxc8 20.Bxa6 Ra8 21.Bb5 Bxb5
22.axb5 Rxa1+ 23.Bxa1 Ne8 24.Ne5 Bc5 25.g4 f6 26.Nd3 Kd6 27.Kg2 e5 28.Kf3 Kd5
29.Nxc5 Kxc5 30.g5 Nd6 31.Kg4 Kxb5 32.gxf6 gxf6 33.Bb2 Kc4 34.Ba3 f5+ 35.Kg5 Ne4+
36.Kxf5 Nxf2 37.h4 e4 38.h5  1/2-1/2

[Event "Limpedea Cup"]
[Site "Baia Sprie ROM"]
[Date "2009.05.19"]
[Round "9"]
[White "Grigore,Ge"]
[Black "Thesing,M"]
[Result "1/2-1/2"]
[WhiteElo "2542"]
[BlackElo "2415"]

1.d4 d5 2.c4 dxc4 3.Nf3 a6 4.e3 b5 5.a4 Bb7 6.b3 e6 7.bxc4 bxc4 8.Bxc4 Nf6
9.O-O c5 10.Nc3 Nbd7 11.Rb1 Qc7 12.d5 Nb6 13.Rxb6 Qxb6 14.dxe6 fxe6 15.Qe2 Qc6
16.Qa2 Nd5 17.Bb2 Be7 18.e4 Nb4 19.Qb3 Bc8 20.Ne5 Qc7 21.Ne2 Bf6 22.f4 O-O
23.Rd1 Re8 24.Ng3 Rb8 25.Nh5 Nd3 26.Qxd3 Rxb2 27.Nxf6+ gxf6 28.Qc3 fxe5 29.Qxb2 exf4
30.Qf6 Qg7 31.Qxf4 Kh8 32.e5 Rf8 33.Qg3 Qxg3 34.hxg3 Kg7 35.Rd6 a5 36.Rc6 Bd7
37.Rxc5 Rc8 38.Rxc8 Bxc8 39.Kf2 Bd7 40.Bb5 Bxb5 41.axb5 a4 42.b6 a3 43.b7 a2
44.b8=Q a1=Q 45.Qb7+ Kh6 46.Qe4 Qa7+ 47.Kf3 Qa3+ 48.Kg4 Qe7 49.Qe3+ Kg6 50.Qd3+ Kh6
51.Qd2+ Kg6 52.Qc2+ Kh6 53.Qc1+ Kg6 54.Qd2 h6 55.Qd3+ Kg7 56.Qe4 Qg5+ 57.Kf3 Qe7
58.Qg4+ Kh7 59.Qh5 Kg7 60.Qg4+ Kh7 61.Qe4+ Kg7 62.g4 Qa3+ 63.Kf2 Qb2+ 64.Kg3 Qc3+
65.Kh2 Qd2 66.Qb7+ Kg6 67.Qf3 Qg5 68.Qd3+ Kg7 69.Qd7+ Kh8 70.Qc8+ Kg7 71.Qb7+ Kg6
72.Qe4+ Kg7 73.Kh3 Qc1 74.Kg3 Qc3+ 75.Kh2 Qd2 76.Qb7+ Kg6 77.Qf3 Qg5 78.Qe4+ Kg7
79.Kg3 Qe7 80.Qe3 Kg6 81.Qd3+ Kg5 82.Qd6 Qf7 83.Qd2+ Kg6 84.Qd8 Kh7 85.g5 Qf5
86.Qe7+ Kg8 87.gxh6 Qxe5+ 88.Kg4 Qe4+ 89.Kh5 Qxg2 90.Qxe6+ Kh7 91.Qf7+ Kh8
92.Qg7+ Qxg7 93.hxg7+ Kxg7  1/2-1/2

[Event "18th CRO-Cup"]
[Site "Sibenik CRO"]
[Date "2009.05.23"]
[Round "4"]
[White "Loncar,R"]
[Black "Leventic,I"]
[Result "1/2-1/2"]
[WhiteElo "2435"]
[BlackElo "2519"]

1.d4 d5 2.c4 dxc4 3.Nf3 c5 4.e4 cxd4 5.Qxd4 Qxd4 6.Nxd4 Bd7 7.Bxc4 Nc6 8.Nxc6 Bxc6
9.Nc3 e6 10.f3 a6 11.Be3 Nf6 12.Kf2 Nd7  1/2-1/2

[Event "3rd ENCI Limburg Open"]
[Site "Maastricht NED"]
[Date "2009.05.29"]
[Round "1"]
[White "Kunin,V"]
[Black "Doggers,P"]
[Result "1-0"]
[WhiteElo "2533"]
[BlackElo "2279"]

1.d4 d5 2.c4 dxc4 3.Nf3 a6 4.e3 Nf6 5.Bxc4 e6 6.O-O c5 7.Bb3 b5 8.a4 b4 9.Qe2 Bb7
10.Rd1 Nbd7 11.Nbd2 cxd4 12.exd4 Be7 13.Ne5 Bd5 14.Bc4 Bxc4 15.Ndxc4 Nd5
16.Qg4 O-O 17.Bh6 Bf6 18.Rd3 Ne7 19.Nxd7 Qxd7 20.Nb6 Qd6 21.Nxa8 Rxa8 22.Bg5  1-0

[Event "Doroshkevicha Mem"]
[Site "Belorechensk RUS"]
[Date "2009.05.30"]
[Round "8"]
[White "Tuzhba,K"]
[Black "Udovichenko,N"]
[Result "1-0"]
[WhiteElo "1920"]
[BlackElo "2170"]

1.d4 d5 2.c4 dxc4 3.Nf3 a6 4.a4 Nf6 5.Nc3 c5 6.e3 cxd4 7.exd4 Bg4 8.Bxc4 e6
9.O-O Nc6 10.Be3 Bd6 11.h3 h5 12.d5 Bxf3 13.gxf3 Ne5 14.Bb3 exd5 15.Nxd5 Qd7
16.Kg2 Rd8 17.Re1 Nxd5 18.Qxd5 O-O 19.Bf4 Ng6 20.Bg5 Qc8 21.Qe4 Kh7 22.Rad1 Rfe8
23.Qb1 Rxe1 24.Rxe1 Rf8 25.Re4 Qc5 26.Be3 f5 27.Bxc5 Bxc5 28.Rc4 Bd6 29.Bc2 Nf4+
30.Rxf4 Bxf4 31.Bxf5+ Kh6 32.Qe4 Bg5 33.Bc8 b5 34.Bxa6 bxa4 35.Bd3  1-0

[Event "12th IHEM"]
[Site "Hamburg GER"]
[Date "2009.06.07"]
[Round "9"]
[White "Foerster,A"]
[Black "Putzbach,G"]
[Result "0-1"]
[WhiteElo "2214"]
[BlackElo "2286"]

1.d4 d5 2.c4 dxc4 3.Nf3 a6 4.Nc3 e6 5.e4 b5 6.a4 b4 7.Ne2 Bb7 8.Ng3 Nf6 9.Bg5 Be7
10.Bxf6 Bxf6 11.Bxc4 c5 12.e5 Be7 13.O-O O-O 14.Rc1 cxd4 15.Nxd4 Qb6 16.Qg4 Nc6
17.Nxe6 fxe6 18.Qxe6+ Kh8 19.Bd5 Bc5 20.a5 Nxa5  0-1

[Event "XXVII Open A"]
[Site "Balatonlelle HUN"]
[Date "2009.06.14"]
[Round "2"]
[White "Varga,Zo"]
[Black "Lizak,P"]
[Result "1/2-1/2"]
[WhiteElo "2457"]
[BlackElo "2261"]

1.Nf3 d5 2.d4 c5 3.c4 dxc4 4.d5 e6 5.e4 exd5 6.exd5 Bd6 7.Bxc4 Nf6 8.O-O O-O
9.Nc3 h6 10.Re1 Bg4 11.h3 Bxf3 12.Qxf3 Nbd7 13.Qf5 a6 14.a4 Re8 15.Bd2 Re5
16.Rxe5 Nxe5 17.Be2 Qd7 18.Qxd7 Nexd7 19.Rd1 Re8 20.Kf1 Ne4 21.Nxe4 Rxe4
22.Bg4 Nb6 23.a5 Nc4 24.Bc3 Re8 25.Be2 Ne5 26.Re1 Ng6 27.g3 Kf8 28.f4 Ne7
29.Bf3 Nf5 30.Rxe8+ Kxe8 31.Kf2 Nd4 32.Be4 g6 33.Ke3 Nb5 34.Be5 Ke7 35.g4 g5
36.Bg7 Bxf4+ 37.Kd3 Nd6 38.b3 f6 39.Bg6 Bg3 40.Ke2 Nf7 41.d6+ Bxd6 42.Be4 Nd8
43.Bxh6 Nc6 44.h4 gxh4 45.g5 fxg5 46.Bxc6 bxc6 47.Bxg5+ Ke6 48.Bxh4 Kd5 49.Kd3 Bc7
50.Be1 Be5 51.Bd2 Bb2 52.Bg5 Ba3 53.Bd8 Bb4 54.Bb6 Be1 55.Ke2 Bh4 56.Kd3 Bf6
57.Bc7 c4+ 58.bxc4+ Kc5 59.Bb6+ Kb4 60.Bc7 Bc3 61.Bd6+ Kb3 62.Bc7 Be1 63.Bd8 Ka4
64.Kd4 Bf2+ 65.Ke5 Bg3+ 66.Kd4 Bd6 67.Kc3 Be5+ 68.Kd3 Kb4 69.Bb6 Bd6 70.Bd8 Bc5
71.Bc7 Bf2 72.Bd8 c5 73.Bc7 Bd4 74.Bd8 Kb3 75.Bb6 Kb4 76.Bd8 Bb2 77.Bc7 Kb3
78.Bd8 Bc3 79.Bc7 Bb4 80.Bb6 Ba3  1/2-1/2

[Event "13th Open"]
[Site "Voronezh RUS"]
[Date "2009.06.14"]
[Round "3"]
[White "Tarasova,Viktoriy"]
[Black "Bezgodova,M"]
[Result "1-0"]
[WhiteElo "2292"]
[BlackElo "2100"]

1.d4 d5 2.c4 dxc4 3.Nf3 a6 4.e3 b5 5.a4 Bb7 6.b3 cxb3 7.axb5 axb5 8.Rxa8 Bxa8
9.Bxb5+ c6 10.Bc4 e6 11.Qxb3 Nd7 12.O-O Be7 13.Nc3 Ngf6 14.e4 h6 15.Ba3 O-O
16.e5 Nd5 17.Ne4 N7b6 18.Ba6 Qc7 19.Bxe7 Nxe7 20.Bd3 Rb8 21.Qa3 Ned5 22.g3 Nd7
23.Rc1 Nb4 24.Bb1 c5 25.Nd6 Bd5 26.Qe3 c4 27.Nd2 Nb6 28.N2e4 Bxe4 29.Qxe4 g6
30.h4 Qe7 31.Qf4 Qf8 32.h5 gxh5 33.Qe4 Qg7 34.Kg2 N4d5 35.Qf3 h4 36.Kh3 Kf8
37.gxh4 Ke7 38.Ne4 Rg8 39.Ng3 c3 40.Nh5 Qf8 41.Nf6 Rg7 42.Be4 Qc8 43.Bxd5 Nxd5
44.Kh2 c2 45.Qa3+ Kd8 46.Qd6+  1-0